00467 2200181 4500245006000000020002200060250001100082100001300093700002700106650003100133650001700164005001900181260002700200041001400227084001000241300002500251336000900276 aMitigasi dan Kesiapsiagaan Bencana AlamcAminudinhText a978-979-665-809-1 aCet. 1 aAminudin aTim Penyunting Angkasa aMitigasi dan Kesiapsiagaan aBencana Alam a20230224140545 aBandungbAngkasac2013 aIndonesia a363.3 aiv, 68 hlm. :cilus. atext